Statystyki dla Kraje Afryki zarażone koronowirusem

Kliknij tutaj aby rozwiązać quiz!

Ogólne statystyki

  • Ten quiz został rozwiązany 59 razy
  • Średni wynik to 3 z 5

Statystyki odpowiedzi

Liczba ZarażonychKraj% Poprawnych
2Egipt
91%
5Algieria
79%
1Nigeria
56%
1Tunezja
56%
1Senegal
32%

Rozkład punktacji

Percentyl według liczby udzielonych odpowiedzi

Procent ludzi z każdym wynikiem

Twoja historia wyników

Nie rozwiązałeś tego quizu